Normal view
MARC view
Entry Personal Name
001 - CONTROL NUMBER
- control field: 87379
003 - CONTROL NUMBER IDENTIFIER
- control field: dpl
005 - DATE AND TIME OF LATEST TRANSACTION
- control field: 20260213120413.0
008 - FIXED-LENGTH DATA ELEMENTS
- fixed length control field: 260213|| aca||aabn | a|a d
040 ## - CATALOGING SOURCE
- Original cataloging agency: dpl
- Transcribing agency: dpl
100 ## - HEADING--PERSONAL NAME
- Personal name: हरीश कुमार 'अमित'
670 ## - SOURCE DATA FOUND
- Source citation: Work cat.: (dpl)73492: हरीश कुमार 'अमित', ईमानदारी का स्वाद :, 2012
